Miasta Żużlowe dla Kolegi Ignacego - Statystyki

Ogólne statystyki
  • Ten quiz został rozwiązany 1 477 razy
  • Średni wynik to 17 z 22
Statystyki odpowiedzi
Miasto % Poprawnych
Wrocław
93%
Zielona Góra
92%
Leszno
91%
Lublin
91%
Toruń
90%
Bydgoszcz
87%
Gorzów Wielkopolski
87%
Grudziądz
84%
Częstochowa
83%
Gdańsk
82%
Poznań
82%
Rybnik
79%
Rzeszów
79%
Krosno
78%
Tarnów
78%
`Łodź
73%
Opole
70%
Ostrów Wielkopolski
68%
Rawicz
67%
Gniezno
64%
Daugavpils/Dyneburg
41%
Wittstock/Dosse
23%
Nie znaleziono quizów pasujących do podanych kryteriów
Rozkład punktacji
Procent ludzi z każdym wynikiem
Percentyl według liczby udzielonych odpowiedzi
Twoja historia wyników
Nie rozwiązałeś tego quizu